Представление документа в формате MARC21

Поле Инд. ПП Название Значение
Тип записи a
Библиографический уровень b
001 Контрольный номер c11b5853c0da4b86a200e36832885ee1
005 Дата корректировки 20260528112213.0
024 80 a Стандартный номер 10.3103/S0027134925702443
040 a Служба первич. каталог. Scopus
b Код языка каталог. rus
041 0_ a Код языка текста rus
097 a Костяева О.Г.
100 1_ a Автор Gabdrakhmanov I. R.
100 1_ a Автор Gramotkov N. A.
100 1_ a Автор Kotikov A. V.
100 1_ a Автор Teryaev O. V.
c Титул (звания) ; доктор физико-математических наук; профессор (должность);
i 000091234
k Кафедра фундаментальных проблем физики микромира; Инженерно-физический институт
q Полное имя Теряев Олег Валерианович
u Дополнение Теряев О. В.; Teryaev Oleg V.
g Прочие сведения РИНЦ AuthorID: 23841 (http://elibrary.ru/author_profile.asp?id= 23841); Scopus Author ID: 7003412423 (https://www.scopus.com/authid/detail.uri?authorId= 7003412423)
100 1_ a Автор Volkova D. A.
c Титул (звания) бакалавр; специалист по учебно-методической работе;
j Принадлежность неизвестного автора к последователям, ученикам, сторонникам, школе и т. д. государственный университет "Дубна"
k Инженерно-физический институт
q Полное имя Волкова Дарья Алексеевна
100 1_ a Автор Zemlyakov I. A.
245 10 a Заглавие QCD with Analytic Coupling: Recent Results
513 a отобрано
773 18 t Название источника Moscow University Physics Bulletin
d Место и дата издания 2026
b Сведения об издании Allerton Press
c Russia
m Специф. данные входит в Белый список; входит в Scopus; входит в ядро РИНЦ; ненулевой импакт-фактор
o Прочие индексы SJR 0.197
q У3 Белый список; Q4 Scopus 2025
n Примечание Вестник Московского университета. Серия 3: Физика. Астрономия
x ISSN 0027-1349
w Контрольный № источника 978e978de6d7415482a3ccfa19ef6bdb
g Прочая информация V. 80. - P. S655–S669
901 t Тип документа b
952 c Вид литературы статья в журнале